| Tag |
First Indicator |
Second Indicator |
Subfields |
| LEADER |
00000cam a2200000 a 4500 |
| 001 |
in00000554376 |
| 005 |
20151014051215.0 |
| 008 |
810319s1962 ii ab b 00110 engm |
| 010 |
|
|
|a sa 62000650
|
| 035 |
|
|
|a (OCoLC)07240077
|
| 035 |
|
|
|9 ACJ2999AM
|
| 040 |
|
|
|a DLC
|c KSU
|d TXA
|d UtOrBLW
|
| 049 |
|
|
|a TXAM
|c [937954]
|
| 050 |
0 |
0 |
|a DS418
|b .S3 1962a
|
| 100 |
1 |
|
|a Sankalia, Hasmukhlal Dhirajlal.
|
| 245 |
1 |
0 |
|a Indian archaeology today /
|c H.D. Sankalia.
|
| 264 |
|
1 |
|a Bombay ;
|a New York :
|b Asia Pub. House,
|c [1962]
|
| 264 |
|
4 |
|c ©1962
|
| 300 |
|
|
|a 144 pages :
|b illustrations, maps. ;
|c 23 cm.
|
| 336 |
|
|
|a text
|b txt
|2 rdacontent
|
| 337 |
|
|
|a unmediated
|b n
|2 rdamedia
|
| 338 |
|
|
|a volume
|b nc
|2 rdacarrier
|
| 490 |
1 |
|
|a Heras memorial lectures,
|v 1960
|
| 504 |
|
|
|a Includes bibliographical footnotes and index.
|
| 651 |
|
0 |
|a India
|x Antiquities.
|
| 830 |
|
0 |
|a Heras memorial lectures ;
|v 1960.
|
| 999 |
|
|
|a MARS
|
| 999 |
f |
f |
|s 569f9e01-3911-3816-b26b-3e5da76a4170
|i 3bec7e2d-7d8c-399a-875e-c7d1e6bb9ac8
|t 0
|
| 952 |
f |
f |
|p ric
|a Texas A&M University
|b Rellis Campus
|c Joint Library Facility
|d Remote Storage
|t 0
|e DS418 .S3 1962a
|h Library of Congress classification
|i unmediated -- volume
|m A14808301091
|
| 998 |
f |
f |
|a DS418 .S3 1962a
|t 0
|l Remote Storage
|